| 000 | 00441cam a2200169ua 4500 | ||
|---|---|---|---|
| 020 | _c300.00 | ||
| 041 |
_aeng _h |
||
| 082 |
_a338.9 _bSIN/PL |
||
| 100 | _aSinha, V.P . | ||
| 245 |
_aPlanned developments of resources in a developing region / _cV.P.Sinha. _hTextual Documents |
||
| 260 |
_a : _bUdai prakash Sinha , _c1985. |
||
| 300 |
_a283 : _b` ; . |
||
| 365 | _a300.00 | ||
| 504 | _a | ||
| 942 | _cBK | ||
| 999 |
_c1760 _d1760 |
||